000 00575nam a2200229Ia 4500
003 OSt
005 20220928142231.0
006 a|||||r|||| 00| 0
007 ta
008 220927b |||||||| |||| 00| 0 eng d
024 _a18925
037 _cTextual
040 _aSDCL
_cSDCL
_beng
041 _2eng
_aeng
082 _aD65264, N4
100 _aLuy J F
_9503087
245 0 _aSilicon-based millimeter-wave devices.
260 _c1994
700 _a Russer P
_9503088
942 _hD65264, N4
_cTEXL
_2CC
999 _c821128
_d821128